000 00456nam a2200169Ia 4500
999 _c1303
_d1303
003 OSt
005 20200924141148.0
008 190216s9999||||xx |||||||||||||| ||und||
040 _coclc
082 _a574.87
_bNAT/C
100 _aNath, Vishwa
_94956
245 0 _aCell Biology /
_cVishwa Nath
260 _bS Chand & Company,
_c1970.
_aDelhi:
300 _a178p
650 _aBotany
942 _cBK
_2ddc
_h574.87
_iNAT/C
_k574.87
_mNAT/C